Online katalóg knižníc regiónu Turca

Zvieratká na statku (Record no. 21422)

MARC details
000 -LEADER
fixed length control field 01726cam a2200457 a 4500
001 - CONTROL NUMBER
control field 21422
003 - CONTROL NUMBER IDENTIFIER
control field VRT
005 - DATE AND TIME OF LATEST TRANSACTION
control field 20260302101200.0
008 - FIXED-LENGTH DATA ELEMENTS--GENERAL INFORMATION
fixed length control field 160610s2011 xo a a 000 0 slo
015 ## - NATIONAL BIBLIOGRAPHY NUMBER
National bibliography number SNBA2012/02-00711
020 ## - INTERNATIONAL STANDARD BOOK NUMBER
International Standard Book Number 9788080895426 (viaz.)
035 ## - SYSTEM CONTROL NUMBER
System control number 60171282-E9DE-4F6A-AD52-E6E85D3DD915
035 ## - SYSTEM CONTROL NUMBER
System control number urn:nbn:sk:snk-aml3wx
035 ## - SYSTEM CONTROL NUMBER
System control number urn:nbn:sk:snk-am008kmb
039 #9 - LEVEL OF BIBLIOGRAPHIC CONTROL AND CODING DETAIL [OBSOLETE]
Level of rules in bibliographic description 202510151951
Level of effort used to assign nonsubject heading access points csnk01
Level of effort used to assign subject headings 201606101631
Level of effort used to assign classification VLOAD
Level of effort used to assign subject headings 201203191051
Level of effort used to assign classification msnk38
Level of effort used to assign subject headings 201203191051
Level of effort used to assign classification msnk38
040 ## - CATALOGING SOURCE
Original cataloging agency SNK
Language of cataloging slo
Transcribing agency SNK
Description conventions AACR2
041 1# - LANGUAGE CODE
Language code of text/sound track or separate title slo
Language code of original eng
044 ## - COUNTRY OF PUBLISHING/PRODUCING ENTITY CODE
MARC country code xo
ISO country code SK
072 #7 - SUBJECT CATEGORY CODE
Subject category code 821-93
Subject category code subdivision Literatúra pre deti a mládež (beletria)
Source konspekt
080 ## - UNIVERSAL DECIMAL CLASSIFICATION NUMBER
Universal Decimal Classification number 821-93
Edition identifier 2001
080 ## - UNIVERSAL DECIMAL CLASSIFICATION NUMBER
Universal Decimal Classification number (0.025.2)
Edition identifier 2001
100 1# - MAIN ENTRY--PERSONAL NAME
Personal name Crossley, David
Relationship ill
-- aut
245 10 - TITLE STATEMENT
Title Zvieratká na statku
Remainder of title zvedavé očká
Statement of responsibility, etc. napísal a nakreslil David Crossley ; preložila Gabriela Dittelová
246 30 - VARYING FORM OF TITLE
Title proper/short title Zvedavé očká
250 ## - EDITION STATEMENT
Edition statement 1. vyd.
260 ## - PUBLICATION, DISTRIBUTION, ETC.
Place of publication, distribution, etc. Bratislava
Name of publisher, distributor, etc. Fragment
Date of publication, distribution, etc. 2011
300 ## - PHYSICAL DESCRIPTION
Extent [12] s.
Other physical details fareb. ilustr.
Dimensions 24 cm
490 1# - SERIES STATEMENT
Series statement Čítanie pre radosť a poučenie
500 ## - GENERAL NOTE
General note Pravdepodobne preložené z angličtiny
500 ## - GENERAL NOTE
General note Kartónové listy s výrezmi pre vlepenú hračku - prstová látková bábka v tvare očí
521 1# - TARGET AUDIENCE NOTE
Target audience note Nevhodné pre deti do 3 rokov
655 #7 - INDEX TERM--GENRE/FORM
Genre/form data or focus term leporelá
Source of term SNKPH
655 #7 - INDEX TERM--GENRE/FORM
Genre/form data or focus term publikácie pre deti
Source of term SNKPH
655 #7 - INDEX TERM--GENRE/FORM
Genre/form data or focus term Picture books for children
Source of term SNKPHeng
655 #7 - INDEX TERM--GENRE/FORM
Genre/form data or focus term Children's literature
Source of term SNKPHeng
830 #0 - SERIES ADDED ENTRY--UNIFORM TITLE
Uniform title Čítanie pre radosť a poučenie
942 ## - ADDED ENTRY ELEMENTS (KOHA)
Source of classification or shelving scheme Dewey Decimal Classification
Koha item type Krásna literatúra pre deti
Suppress in OPAC No
949 ## - LOCAL PROCESSING INFORMATION (OCLC)
6 3869A19961
a bpksh821-93
b bpksh60320
949 ## - LOCAL PROCESSING INFORMATION (OCLC)
6 17A0876714
a snkSC 148127
b snk2012/2934
o 2858/11
s 6100:20160112
949 ## - LOCAL PROCESSING INFORMATION (OCLC)
6 17A0876700
a snkSC 148127 D1
b snk2012/2935
o 2858/11
Holdings
Stav vyradenia Strata Poškodenie Spôsob nadobudnutia Domovská knižnica Aktuálna knižnica Dátum nadobudnutia Total checkouts Čiarový kód exemplára Date last seen Typ exemplára
      Dar Obecná knižnica Turčianska Štiavnička Obecná knižnica Turčianska Štiavnička 02.03.2026   4738000108 02.03.2026 Krásna literatúra pre deti
Projekt je podporený Slovenskou asociáciou knižníc
Prevádzkuje Turčianska knižnica Martin 2026